[Event "36th Blackpool Open"]
[Site "Blackpool ENG"]
[Date "2012.03.09"]
[Round "1"]
[White "Arkell, Keith C"]
[Black "Allen, Keith"]
[Result "1-0"]
[WhiteTitle "GM"]
[WhiteElo "2414"]
[BlackElo "2197"]
[Plycount "125"]
[WhiteFideId "400270"]
[BlackFideId "2501147"]
[EventDate "2012.03.09"]
[Source "TWIC 905"]

1. d4 d5 2. c4 c6 3. Nf3 Nf6 4. Nc3 e6 5. cxd5 exd5 6. Bg5 h6 7. Bh4 Be7 8. e3
Bf5 9. Bxf6 Bxf6 10. Bd3 Bxd3 11. Qxd3 Be7 12. Rb1 a5 13. O-O O-O 14. Qc2 Bd6
15. a3 Na6 16. Rfc1 Re8 17. Ne2 Qe7 18. Ne1 Qh4 19. g3 Qf6 20. Nd3 h5 21. Nef4
h4 22. Qd1 hxg3 23. hxg3 Qf5 24. Qh5 Qe4 25. Rd1 Nc7 26. Qh1 Qxh1+ 27. Kxh1 a4
28. Kg2 Nb5 29. Rdc1 g6 30. Ne2 Kg7 31. Nc3 Nxc3 32. Rxc3 Kf6 33. Nc5 Bxc5 34.
Rxc5 Ke6 35. Rh1 Ra6 36. Kf3 Rb6 37. Rc2 Rb3 38. Ke2 Rc8 39. g4 b6 40. Rh4 c5
41. g5 c4 42. Kd2 b5 43. Rh3 f6 44. gxf6 Rf8 45. Ke2 Kxf6 46. Rh7 Rb8 47. Rd7
Ke6 48. Rg7 Kf6 49. Ra7 Rb6 50. Kf3 Rc6 51. Ra5 Kf5 52. Ke2 g5 53. Kd2 Rd3+ 54.
Ke1 Rb3 55. Ke2 g4 56. Ra8 c3 57. Re8 g3 58. bxc3 gxf2 59. Kf1 Rcxc3 60. Rxf2+
Kg4 61. Rg8+ Kh3 62. Rf7 Rb1+ 63. Ke2 1-0

[Event "4th Coral Colon IM"]
[Site "Sabadell ESP"]
[Date "2012.03.16"]
[Round "6"]
[White "Ryan, Joe"]
[Black "Tallo Dominguez, Imar"]
[Result "1/2-1/2"]
[WhiteTitle "FM"]
[WhiteElo "2289"]
[BlackElo "2170"]
[Plycount "186"]
[WhiteFideId "2500426"]
[BlackFideId "2283743"]
[EventDate "2012.02.10"]
[Source "TWIC 906"]

1. Nf3 Nf6 2. g3 d5 3. Bg2 c6 4. c4 Bf5 5. cxd5 cxd5 6. Qb3 Qc8 7. Nc3 e6 8. O-O
Nc6 9. d3 Be7 10. Bg5 O-O 11. Rac1 h6 12. Bxf6 Bxf6 13. e4 dxe4 14. dxe4 Bh7 15.
e5 Be7 16. Rfd1 Rd8 17. Rxd8+ Nxd8 18. Ne2 Qd7 19. Rd1 Qc7 20. Rc1 Qb6 21. Qxb6
axb6 22. Rc7 Kf8 23. a3 Ra5 24. Nc3 b5 25. h4 b4 26. axb4 Bxb4 27. Kh2 Bc5 28.
Rd7 Ke8 29. Rd2 Nc6 30. Bf1 Ke7 31. Bb5 Bb4 32. Bxc6 bxc6 33. Nd4 Rc5 34. f4 g5
35. hxg5 hxg5 36. Nde2 Rc4 37. Rd4 Rxd4 38. Nxd4 Kd7 39. fxg5 c5 40. Ndb5 Kc6
41. Kg2 Bd3 42. Nd6 Bg6 43. Kf3 Bxc3 44. bxc3 Kd5 45. Kf4 Bh5 46. Nb7 Kc4 47.
Ke4 Bg6+ 48. Ke3 Kd5 49. Kf4 Kc4 50. g4 Kxc3 51. Nxc5 Kd4 52. Nb7 Kd5 53. Nd6
Kd4 54. Ne8 Kd5 55. Nf6+ Kd4 56. Nh5 Kd5 57. Ng3 Kd4 58. Ne2+ Kd5 59. Ng1 Kd4
60. Nf3+ Kd3 61. Nh4 Kd4 62. Ng2 Kd5 63. Ne3+ Kd4 64. Nf1 Kd5 65. Ng3 Kd4 66.
Nh5 Kd5 67. Nf6+ Kd4 68. Nh5 Kd5 69. Nf6+ Kd4 70. Nd7 Kd5 71. Ke3 Kc6 72. Nf6
Kc5 73. Ng8 Kd5 74. Kf4 Kd4 75. Ne7 Kd3 76. Nc6 Kc4 77. Nd8 Kd5 78. Nb7 Kd4 79.
Nd6 Kd5 80. Ne8 Kd4 81. Nf6 Kd3 82. Ng8 Kd4 83. Ne7 Kd3 84. Nc6 Kc4 85. Ne7 Kd4
86. Ng8 Kd5 87. Nf6+ Kd4 88. Nh5 Kd5 89. Ng3 Kd4 90. Ne2+ Kd5 91. Ng1 Kd4 92.
Nf3+ Kd3 93. Ng1 Kd4 1/2-1/2

[Event "4th Coral Colon IM"]
[Site "Sabadell ESP"]
[Date "2012.03.30"]
[Round "8"]
[White "Ryan, Joe"]
[Black "Lorenzo De La Riva, Lazaro"]
[Result "0-1"]
[WhiteTitle "FM"]
[BlackTitle "IM"]
[WhiteElo "2289"]
[BlackElo "2412"]
[Plycount "152"]
[WhiteFideId "2500426"]
[BlackFideId "2268809"]
[EventDate "2012.02.10"]
[Source "TWIC 908"]

1. Nf3 Nf6 2. g3 g6 3. b3 Bg7 4. Bg2 O-O 5. Bb2 d6 6. d4 c6 7. O-O Qa5 8. Nbd2
Qh5 9. e4 Bh3 10. Re1 Bxg2 11. Kxg2 Na6 12. e5 Nd5 13. exd6 exd6 14. Nc4 b5 15.
Ne3 f5 16. a4 Nac7 17. axb5 cxb5 18. c4 Nf6 19. h3 Ne4 20. cxb5 f4 21. g4 Qxb5
22. Nc4 d5 23. Ra5 Qb7 24. Nce5 Ne6 25. Qd3 Rab8 26. Qa6 Qxa6 27. Rxa6 Rxb3 28.
Ba3 Re8 29. Nc6 Nc7 30. Ra5 Rxf3 31. Kxf3 Nd2+ 32. Kg2 f3+ 33. Kg3 Rxe1 34. Rxa7
Rg1+ 35. Kf4 Ne6+ 36. Ke3 Nc4+ 37. Kxf3 Nxa3 38. Rxa3 Nxd4+ 39. Nxd4 Bxd4 40.
Rd3 Bf6 41. Rxd5 Ra1 42. Rd7 Ra3+ 43. Kg2 Ra2 44. Kg3 Be5+ 45. Kf3 h6 46. Re7
Bf6 47. Re1 Bh4 48. Rf1 Kf7 49. Kg2 Ke6 50. Kg1 Bf6 51. f4 Kd5 52. Re1 Bd4+ 53.
Kh1 g5 54. fxg5 hxg5 55. h4 gxh4 56. g5 Be5 57. g6 Ra6 58. g7 Bxg7 59. Kg2 Be5
60. Rd1+ Ke4 61. Rb1 Kf5 62. Rf1+ Kg4 63. Re1 Ra2+ 64. Kh1 Kh3 65. Rd1 Bg3 66.
Rf1 Bb8 67. Rf3+ Kg4 68. Rf1 Bg3 69. Rb1 Kh3 70. Rf1 Ra8 71. Rb1 Rf8 72. Rd1 Rf2
73. Kg1 Rg2+ 74. Kf1 Rh2 75. Rd8 Rh1+ 76. Ke2 Kg2 0-1